000 01811cam a22004694i 4500
003 PE-LiUPU
005 20250731173520.0
008 150616s r 000 0 d
020 _a0877886474
035 _a(Sirsi) i9780877886471
040 _aPE-LiUPU
_bspa
_cPE-LiUPU
_erda
049 _aPRUA
082 0 4 _a253.7
_bP68
_221
100 1 _aPlueddemann, Jim,
_eautor.
245 1 0 _aPilgrims in Progress. Growing through Groups.
264 1 _aIllinois :
_bHarold Shaw Publishers,
_c1984.
300 _a165 páginas ;
_c21 centímetros
336 _atext
_2rdacontent
337 _aunmediated
_2rdamedia
338 _avolume
_2rdacarrier
504 _aBibliografía: páginas 155-161.
505 0 _aPilgrims of Eternity.- Pilgrim Groups in Historical Perspective.- The Pilgrim's Purpose.- The Nature of Pilgrims.- Aims for Pilgrim Groups.- Methods for Pilgrim Groups.- Pilgrim Keaders.- Benefits and Pitfalls.- Discoveing the Mapáginas- Pointing Pilgrims to the Oath.- World Pilgrims.- Profiles of Pilgrim Groups.- Strengthening Pilgrim Groups.
526 _aSEG42
526 _aSEG41
526 _aSEG40
526 _aSEG39
526 _aP94
526 _aP87
526 _aP86
526 _aP85
526 _aP77
526 _aP76
526 _aP35
650 0 4 _aPEQUEÑAS GRUPOS - EFECTIVIDAD.
910 _ajck
_bjvq
_cjck
942 _2ddc
_cBOOK
949 _a253.7 P68
_wDEWEY
_c1
_i41854
_lCCODEBUL1
_mBUL
_r0
_sY
_tBOOK
_u2015-6-16
_xTEOLOGIA
_zUNKNOWN
_0COMPRA
_o.STAFF. Colección General
994 _aC0
_bPEPRU
596 _a1
999 _a253.7 P68
_wDEWEY
_c59615
_i41854
_f2021-11-12
_g5
_lCCODEBUL1
_mBUL
_r0
_sY
_tBOOK
_u2015-6-16
_xTEOLOGIA
_zUNKNOWN
_0COMPRA
_o.STAFF. Colección General
_d59615
980 _81
_gALBERTO SANCHEZ Responsable de Automatización